| 000 | 00418cam a22001337a 4500 | ||
|---|---|---|---|
| 008 | 180718b1978 xxu||||| |||| 00| 0 eng d | ||
| 082 | _aB135x5444 I53p | ||
| 100 | _aIswaran, K. | ||
| 245 |
_aPopulistic community and modernization in India _cby K. Iswaran |
||
| 260 |
_aDelhi _bVikas _c1978 |
||
| 300 | _a122p | ||
| 650 | _aRural development --India --Case studies. | ||
| 650 | _aVillages --India --Mysore --Case studies | ||
| 999 |
_c418385 _d418385 |
||